000 00625nam a2200229 a 4500
001 21893
003 BD-RJUL
005 20211209000737.0
008 140305r19491893enk 000 1 eng d
035 _a(BD-RJUL)21958
035 _a(OCoLC)2898360
040 _aYSM
_cYSM
_dm.c
_beng
041 _aeng
082 _a823.8
_bKIM 1949
100 1 _aKipling, Rudyard,
_d1865-1936.
_967595
245 1 0 _aMany inventions /
_cby Rudyard Kipling.
250 _aLibrary ed.
260 _aLondon :
_bMacmillan,
_c1949.
300 _aix, 387 p. ;
_c20 cm.
500 _aFirst published, 1893. ... Library ed.1949.
942 _2ddc
_cBK
999 _c21893
_d21893